000 00790cam a22002773a 4500
001 3240
003 PGUSA
005 20140828083029.0
008 060530s2006||||xxu|||||s|||||000 1 eng d
040 _aPGUSA
_beng
042 _adc
050 4 _aPS
100 1 _aLincoln, Joseph Crosby,
_d1870-1944
245 1 0 _aCap'n Eri
_h[electronic resource] /
_cJoseph Crosby Lincoln
260 _bProject Gutenberg,
_c2006
506 _aPublic domain in the USA.
516 _aElectronic text
653 _aWives -- Fiction
653 _aCape Cod (Mass.) -- Fiction
653 _aHousekeepers -- Fiction
653 _aShip captains -- Fiction
653 _aMassachusetts -- Fiction
830 0 _aProject Gutenberg
_v3240
856 4 0 _uhttp://www.gutenberg.org/ebooks/3240
942 _cEB
999 _c232569
_d232569